Discos de "Los Beatles" por foto - Estadísticas

Estadísticas generales
  • Esta prueba ha sido intentada 148 veces
  • La puntuación promedio es 11 de 13
Estadísticas de respuestas
Imagen Respuesta % Correcto
The Beatles
96%
Abbey Road
95%
Help!
93%
Revolver
93%
Sgt. Pepper's Lonely Hearts Club Band
93%
Yellow Submarine
92%
Let It Be
91%
Rubber Soul
83%
A Hard Day's Night
81%
Please Please Me
79%
Magical Mystery Tour
77%
With The Beatles
68%
Beatles for Sale
64%
No se encontraron pruebas coincidentes
Distribución de puntuación
Porcentaje de gente con cada puntuación
Porcentaje por número respondido
Historial de tus puntuaciones
No has intentado esta prueba.